| 000 | 00855nam a2200265 a 4500 | ||
|---|---|---|---|
| 999 |
_c765 _d765 |
||
| 008 | 191028r20042011ii a|||g |||| 001 0 eng d | ||
| 020 |
_a9788120324404 _cRs. 250.00 |
||
| 040 |
_aKO _beng |
||
| 041 | 0 | _aeng | |
| 044 | _aii | ||
| 082 | 0 | 4 |
_223 _a604.2 _bSi134 |
| 100 | 1 | _aSiddiquee, Arshad N. | |
| 245 | 1 | 0 |
_aEngineering Drawing : _bWith a Primer on AutoCAD / _cArshad N. Siddiquee, Zahid A. Khan, Mukhtar Ahmad |
| 260 |
_aNew Delhi : _bPHI Learning Private Limited, _c2004, reprinted 2011 |
||
| 300 |
_axii, 312 p. : _bill. ; _c23.5 cm. |
||
| 504 | _aIncludes index. | ||
| 650 | 0 |
_aMechanical drawing _vTextbooks |
|
| 650 | 0 |
_aProjection _vTextbooks |
|
| 650 | 0 |
_aComputer-aided engineering _xComputer-aided engineering _vTextbooks |
|
| 700 | 1 |
_aKhan, Zahid A. _eaut |
|
| 700 | 1 |
_aAhmad, Mukhtar _eaut |
|
| 904 | _aS_JOY | ||
| 942 | _cBK | ||